Prague - Choix multiples - Statistiques

Statistiques générales
  • Ce quiz a été pris 2 660 fois
    2 477 depuis la dernière actualisation
  • Le résultat moyen est 6 sur 10
Statistiques - réponses
Question Réponse % Correct
Quel est le nom tchèque de Prague ? Praha
82%
Créée en 1410, quelle installation pragoise est la plus ancienne de son genre au monde ? L'horloge astronomique
76%
Sur laquelle de ces photographies le Pont Charles figure-t-il ?
75%
De quel écrivain trouve-t-on un buste de métal mouvant à Prague ? Franz Kafka
73%
De quel royaume Prague était-elle la capitale ? La Bohême
69%
En quelle année le Printemps de Prague eut-il lieu ? 1968
59%
Selon la légende, quelle créature protège le quartier juif de Prague et ses habitants ? Le golem
58%
Comment s'appelle la place la plus célèbre de la ville, du nom du saint patron de la Tchéquie ? Place Wenceslas
46%
Quel cours d'eau arrose la ville ? La Vltava
44%
De quoi une vague est-elle considérée comme le déclencheur de la Guerre de Trente Ans au château de Prague, le 23 mai 1618 ? De défenestrations
42%
Aucun quiz correspondant
Distribution des résultats
% des personnes avec chaque résultat
Percentile par nombre de réponses
Votre historique - résultats
Vous n’avez pas pris ce quiz depuis la dernière actualisation